[Event "BCF-chT3Sb 1819 (4NCL)"]
[Site "England"]
[Date "2019.04.13"]
[Round "7.74"]
[White "Bennet Stevens, Lucy"]
[Black "Trevelyan, John"]
[Result "1/2-1/2"]
[WhiteElo "1990"]
[BlackElo "1989"]
[PlyCount "89"]
[EventDate "2018.11.17"]
[EventType "team-tourn"]
[EventRounds "7"]
[EventCountry "ENG"]
[SourceTitle "EXT 2021"]
[Source "ChessBase"]
[SourceDate "2020.10.23"]
[SourceVersion "1"]
[SourceVersionDate "2020.10.23"]
[SourceQuality "1"]
[WhiteTeam "Sussex Martlets II"]
[BlackTeam "Rhyfelwyr Essyllwg"]
[WhiteTeamCountry "ENG"]
[BlackTeamCountry "ENG"]

1. e4 d6 2. d4 e5 3. Nc3 Nf6 4. Nge2 Nc6 5. Be3 Ng4 6. Qd2 Nxe3 7. Qxe3 Be7 8. Nd5 0-0 9. Nxe7+ Qxe7 10. 0-0-0 exd4 11. Nxd4 Be6 12. a3 Ne5 13. f4 Nc4 14. Qc3 Nb6 15. Nxe6 fxe6 16. g3 e5 17. fxe5 dxe5 18. Bh3 Rf2 19. Qe3 Rf6 20. Rhf1 Rxf1 21. Rxf1 Rf8 22. Qb3+ Kh8 23. Rxf8+ Qxf8 24. Qe6 g6 25. Qxe5+ Qg7 26. Qf4 Nc4 27. c3 Ne5 28. Kc2 Qe7 29. Qe3 c5 30. Bf1 Qd6 31. Be2 a5 32. Qd2 Qxd2+ 33. Kxd2 Kg7 34. b4 cxb4 35. cxb4 axb4 36. axb4 Kf6 37. Ke3 Ke6 38. b5 b6 39. Kd4 Kd6 40. h3 g5 41. h4 gxh4 42. gxh4 h6 43. Bh5 Ke6 44. Be2 Kd6 45. Bh5 1/2-1/2

[Event "BCF-chT3Sb 1819 (4NCL)"]
[Site "England"]
[Date "2019.02.09"]
[Round "5.76"]
[White "Bennet Stevens, Lucy"]
[Black "Conterno, Dominique"]
[Result "0-1"]
[WhiteElo "1990"]
[BlackElo "1836"]
[PlyCount "84"]
[EventDate "2018.11.17"]
[EventType "team-tourn"]
[EventRounds "7"]
[EventCountry "ENG"]
[SourceTitle "EXT 2021"]
[Source "ChessBase"]
[SourceDate "2020.10.23"]
[SourceVersion "1"]
[SourceVersionDate "2020.10.23"]
[SourceQuality "1"]
[WhiteTeam "Sussex Martlets II"]
[BlackTeam "The Rookies"]
[WhiteTeamCountry "ENG"]
[BlackTeamCountry "ENG"]

1. e4 d6 2. d4 Nf6 3. Nc3 g6 4. Be3 a6 5. f3 b5 6. a3 Nbd7 7. Qd2 Bg7 8. Nge2 c5 9. h4 cxd4 10. Nxd4 h5 11. Be2 Ne5 12. 0-0-0 Bb7 13. Rdg1 Rc8 14. Bg5 Qa5 15. Nb3 Qd8 16. Qe3 Nc4 17. Bxc4 Rxc4 18. e5 dxe5 19. Qxe5 Qc7 20. Qe2 0-0 21. Nd2 Rc5 22. Be3 Rc6 23. Ndb1 Rc8 24. Rd1 Re6 25. Qf2 Qc6 26. Rd3 a5 27. Rhd1 Kh7 28. R1d2 b4 29. axb4 axb4 30. Nd1 Qc7 31. Bg5 Qa5 32. Re3 Bd5 33. Rxe6 Bxe6 34. Qe3 Ra8 35. c3 Qa1 36. cxb4 Bf5 37. Ndc3 Rc8 38. Rc2 Bxc2 39. Kxc2 Nd5 40. Qe1 Nxb4+ 41. Kb3 Nd3 42. Qe2 Rb8+ 0-1

[Event "BCF-chT3Sb 1718 (4NCL)"]
[Site "England"]
[Date "2018.03.24"]
[Round "7.56"]
[White "Bennet Stevens, Lucy"]
[Black "Lawson, Maurice Elliot"]
[Result "0-1"]
[WhiteElo "1765"]
[BlackElo "1959"]
[PlyCount "102"]
[EventDate "2017.11.11"]
[EventType "team-tourn"]
[EventRounds "11"]
[EventCountry "ENG"]
[SourceTitle "EXT 2020"]
[Source "ChessBase"]
[SourceDate "2019.10.17"]
[SourceVersion "1"]
[SourceVersionDate "2019.10.17"]
[SourceQuality "1"]
[WhiteTeam "Sussex Martlets II"]
[BlackTeam "CSC Dragons"]
[WhiteTeamCountry "ENG"]
[BlackTeamCountry "ENG"]

1. e4 c6 2. c4 d5 3. cxd5 cxd5 4. exd5 Nf6 5. Nc3 Nxd5 6. d4 Nc6 7. Bb5 e6 8. Nf3 Bd7 9. 0-0 Be7 10. Nxd5 exd5 11. Qb3 a6 12. Be2 Bc8 13. Bf4 0-0 14. Rac1 Bd6 15. Be5 Bxe5 16. dxe5 Re8 17. Rfd1 Nxe5 18. Rxd5 Nxf3+ 19. Bxf3 Qe7 20. Rdd1 Rb8 21. Qb6 Bf5 22. h3 Qe6 23. Qa5 Qg6 24. g4 Be4 25. Bxe4 Qxe4 26. Qc3 h5 27. f3 Qf4 28. Qc2 Qxf3 29. Rd3 Qe4 30. Qd1 hxg4 31. hxg4 Qb4 32. b3 Qb6+ 33. Kg2 Re6 34. Rc2 Rbe8 35. Qf3 Rf6 36. Qg3 Qe6 37. Rcd2 Qe4+ 38. Kg1 Rh6 39. Rh2 Qe1+ 40. Qxe1 Rxe1+ 41. Kf2 Rxh2+ 42. Kxe1 Rxa2 43. Rd8+ Kh7 44. Rd7 b5 45. Rxf7 Kh6 46. Rf4 Kg5 47. Rd4 Kh4 48. b4 g5 49. Kf1 Kg3 50. Ke1 Kh4 51. Kf1 Ra4 0-1

[Event "ENG Terafinal"]
[Site "Daventry"]
[Date "2017.08.12"]
[Round "3"]
[White "Bennet Stevens, Lucy"]
[Black "Maladkar, Lavanya"]
[Result "1-0"]
[WhiteElo "157"]
[BlackElo "119"]
[PlyCount "151"]
[EventDate "2017.08.12"]
[EventType "swiss"]
[EventRounds "6"]
[EventCountry "ENG"]
[SourceTitle "CBM 179 Extra"]
[Source "ChessBase"]
[SourceDate "2017.08.23"]
[SourceVersion "1"]
[SourceVersionDate "2017.08.23"]
[SourceQuality "1"]

1. e4 c5 2. Nf3 d6 3. Bb5+ Bd7 4. Bxd7+ Qxd7 5. 0-0 Nf6 6. Re1 Nc6 7. d4 cxd4 8. Nxd4 g6 9. b3 Bg7 10. Bb2 0-0 11. c4 Qc7 12. Nd2 Ne5 13. N2f3 Nfd7 14. Qe2 Qb6 15. Rad1 Rac8 16. Kh1 Nc5 17. Nxe5 dxe5 18. Nf3 Qc7 19. Qe3 Rfd8 20. Ba3 b6 21. Bb2 Na6 22. Rd2 Rxd2 23. Qxd2 Nc5 24. Qe2 Rd8 25. Ba3 Nd3 26. Rf1 e6 27. Kg1 Nf4 28. Qc2 Qc6 29. Re1 h6 30. Re3 f5 31. Bb2 fxe4 32. Rxe4 Rd3 33. Rxf4 exf4 34. Qxd3 Bxb2 35. Qxg6+ Bg7 36. Qd3 Qe8 37. Qe2 e5 38. Nd2 Qd7 39. Ne4 Qd4 40. h3 Qa1+ 41. Kh2 Qd4 42. f3 Kf7 43. Qc2 Bf8 44. Nc3 Kg7 45. Ne4 Qd7 46. Qc3 Qc7 47. Nf2 b5 48. Ng4 Bd6 49. Qd3 bxc4 50. Qxc4 Qb6 51. Qd5 Qc7 52. Qe6 h5 53. Qf6+ Kh7 54. Qh6+ Kg8 55. Nf6+ Kf7 56. Nxh5 Qe7 57. Qg7+ Ke6 58. Qg6+ Kd5 59. Nf6+ Kc6 60. Qe4+ Kc7 61. Nd5+ Kd7 62. Nxe7 Kxe7 63. Qb7+ Ke6 64. Qxa7 Kf5 65. Qf7+ Kg5 66. Qe6 Bb8 67. Qg8+ Kf5 68. Qxb8 e4 69. fxe4+ Kxe4 70. Qb4+ Ke3 71. Kg1 f3 72. gxf3 Kxf3 73. Qd4 Kg3 74. Qe4 Kxh3 75. Kf2 Kh2 76. Qg2# 1-0

[Event "BCF-chT4S 1617 (4NCL)"]
[Site "England"]
[Date "2017.02.12"]
[Round "6.63"]
[White "Bennet Stevens, Lucy"]
[Black "Pink, Joshua"]
[Result "0-1"]
[WhiteElo "1609"]
[BlackElo "2005"]
[PlyCount "88"]
[EventDate "2016.11.26"]
[EventType "team-swiss"]
[EventRounds "11"]
[EventCountry "ENG"]
[SourceTitle "EXT 2019"]
[Source "ChessBase"]
[SourceDate "2018.10.10"]
[SourceVersion "1"]
[SourceVersionDate "2018.10.10"]
[SourceQuality "1"]
[WhiteTeam "Sussex Martlets III"]
[BlackTeam "Throw in the Tal"]
[WhiteTeamCountry "ENG"]
[BlackTeamCountry "ENG"]

1. e4 e5 2. Nf3 Nc6 3. Bb5 a6 4. Ba4 Nf6 5. 0-0 Be7 6. d3 b5 7. Bb3 0-0 8. c3 Bb7 9. Re1 d5 10. exd5 Nxd5 11. Nxe5 Nxe5 12. Rxe5 Nf6 13. f3 Bd6 14. Re1 Nh5 15. Nd2 Qh4 16. Nf1 Rad8 17. Qe2 Bf4 18. d4 Bc6 19. Qf2 Qf6 20. Be3 Rfe8 21. Rad1 Bxe3 22. Nxe3 Nf4 23. Qg3 h5 24. Bc2 h4 25. Qf2 Qg5 26. Kf1 b4 27. c4 Rd6 28. Nf5 Rde6 29. Rxe6 Rxe6 30. Re1 Rxe1+ 31. Kxe1 Nxg2+ 32. Kd1 g6 33. Ne7+ Qxe7 34. Qxg2 Qf6 35. d5 Bd7 36. b3 Qa1+ 37. Kd2 Qxa2 38. Kd1 Bf5 39. Qe2 Qxc2+ 40. Qxc2 Bxc2+ 41. Kxc2 g5 42. Kd3 f5 43. h3 g4 44. fxg4 fxg4 0-1

[Event "BCF-chT4S 1617 (4NCL)"]
[Site "England"]
[Date "2017.01.15"]
[Round "4.35"]
[White "Jaufarally, Mohammud"]
[Black "Bennet Stevens, Lucy"]
[Result "0-1"]
[WhiteElo "1480"]
[BlackElo "1571"]
[PlyCount "70"]
[EventDate "2016.11.26"]
[EventType "team-swiss"]
[EventRounds "11"]
[EventCountry "ENG"]
[SourceTitle "EXT 2019"]
[Source "ChessBase"]
[SourceDate "2018.10.10"]
[SourceVersion "1"]
[SourceVersionDate "2018.10.10"]
[SourceQuality "1"]
[WhiteTeam "D&D Utd"]
[BlackTeam "Sussex Martlets III"]
[WhiteTeamCountry "ENG"]
[BlackTeamCountry "ENG"]

1. d4 d5 2. Nf3 Nf6 3. Bf4 e6 4. e3 Be7 5. Bd3 0-0 6. Nbd2 Nbd7 7. Ne5 c5 8. c3 Re8 9. 0-0 a6 10. Re1 Qb6 11. Rb1 Nf8 12. h3 Ng6 13. Nxg6 fxg6 14. Nf3 Bd6 15. Ne5 Nd7 16. Qa4 Qc7 17. dxc5 Bxe5 18. Bxe5 Qxe5 19. Rbd1 Kf7 20. c6 Nc5 21. cxb7 Bxb7 22. Qb4 Qc7 23. Bc2 a5 24. Qh4 Kg8 25. Rd4 Nd7 26. Red1 Nf6 27. f3 Qb6 28. b3 e5 29. R4d3 Rf8 30. c4 Rac8 31. Rc3 Qb4 32. Qe1 dxc4 33. Rc1 Nd5 34. Bd1 Nxc3 35. Rxc3 cxb3 0-1

[Event "London Classic op U1825 8th"]
[Site "London"]
[Date "2016.12.11"]
[Round "5"]
[White "Bennet Stevens, Lucy"]
[Black "Yung, Ching Hang Bob"]
[Result "1-0"]
[WhiteElo "1519"]
[BlackElo "1682"]
[PlyCount "61"]
[EventDate "2016.12.09"]
[EventType "swiss"]
[EventRounds "5"]
[EventCountry "ENG"]
[SourceTitle "EXT 2019"]
[Source "ChessBase"]
[SourceDate "2018.10.10"]
[SourceVersion "1"]
[SourceVersionDate "2018.10.10"]
[SourceQuality "1"]

1. e4 c5 2. Nf3 d6 3. Bb5+ Nc6 4. 0-0 Nf6 5. Re1 e6 6. c3 Bd7 7. d4 d5 8. exd5 Nxd5 9. c4 Nb6 10. d5 Nd4 11. Bxd7+ Qxd7 12. Nxd4 cxd4 13. Qxd4 0-0-0 14. Nc3 Bb4 15. Bd2 Bxc3 16. Qxc3 Na4 17. Qc2 exd5 18. cxd5+ Kb8 19. Bf4+ Ka8 20. Rac1 Rc8 21. Qd2 Nc5 22. b4 Na6 23. a3 Nc7 24. Bxc7 Rxc7 25. Rxc7 Qxc7 26. d6 Qc6 27. Rc1 Qd7 28. Rc7 Qe6 29. Re7 Qc8 30. d7 Qd8 31. Qe1 1-0

[Event "London Classic op U1825 8th"]
[Site "London"]
[Date "2016.12.10"]
[Round "2"]
[White "Bennet Stevens, Lucy"]
[Black "De Block, Gert"]
[Result "0-1"]
[WhiteElo "1519"]
[BlackElo "1705"]
[PlyCount "136"]
[EventDate "2016.12.09"]
[EventType "swiss"]
[EventRounds "5"]
[EventCountry "ENG"]
[SourceTitle "EXT 2019"]
[Source "ChessBase"]
[SourceDate "2018.10.10"]
[SourceVersion "1"]
[SourceVersionDate "2018.10.10"]
[SourceQuality "1"]

1. e4 c5 2. Nf3 Nc6 3. Bb5 Nf6 4. Nc3 d6 5. 0-0 g6 6. d4 cxd4 7. Nxd4 Bd7 8. Be3 Bg7 9. f3 0-0 10. Re1 a6 11. Bf1 Rc8 12. Nxc6 Bxc6 13. Bd4 e6 14. Ne2 e5 15. Bf2 d5 16. exd5 Nxd5 17. c4 Nb4 18. Qb3 a5 19. Red1 Qe7 20. a3 Na6 21. Nc3 Nc5 22. Qc2 Ne6 23. Ne2 f5 24. Ng3 Nc5 25. Bxc5 Qxc5+ 26. Kh1 e4 27. fxe4 fxe4 28. Nxe4 Qe5 29. Nc3 Qe3 30. Re1 Rf2 31. Re2 Rcf8 32. Rxf2 Rxf2 33. Qc1 Qxc1 34. Rxc1 Rxb2 35. Nd5 Kf8 36. Nc7 Be5 37. Ne6+ Ke7 38. Ng5 h6 39. Nf3 Bxf3 40. gxf3 Rxh2+ 41. Kg1 Ra2 42. Rb1 Rxa3 43. Rxb7+ Kf6 44. Rb6+ Kg5 45. Rb5 Kf4 46. Bg2 Bd4+ 47. Kh2 h5 48. Rd5 Bf2 49. Rd6 Kg5 50. Rd2 Be3 51. Rd5+ Kh6 52. c5 a4 53. c6 Rc3 54. Ra5 a3 55. c7 Bf4+ 56. Kh3 Bxc7 57. Ra4 Bd6 58. Ra6 Bb4 59. Ra4 Rb3 60. Kg3 Bd6+ 61. Kh3 Rb2 62. Rd4 a2 63. Ra4 Rd2 64. f4 Bxf4 65. Bd5 Rxd5 66. Rxa2 Rd3+ 67. Kg2 Rd2+ 68. Rxd2 Bxd2 0-1

[Event "Murmansk Basamro U16 4th"]
[Site "Murmansk"]
[Date "2016.10.06"]
[Round "1.1"]
[White "Bennet Stevens, Lucy"]
[Black "Nuzzolo, Yannis"]
[Result "1/2-1/2"]
[WhiteElo "1487"]
[BlackElo "1821"]
[PlyCount "87"]
[EventDate "2016.10.06"]
[EventType "team-tourn"]
[EventRounds "5"]
[EventCountry "RUS"]
[SourceTitle "EXT 2017"]
[Source "ChessBase"]
[SourceDate "2016.10.25"]
[SourceVersion "1"]
[SourceVersionDate "2016.10.25"]
[SourceQuality "1"]
[WhiteTeam "Sussex"]
[BlackTeam "Paris"]
[WhiteTeamCountry "ENG"]
[BlackTeamCountry "FRA"]

1. e4 e5 2. Nf3 Nc6 3. Bb5 a6 4. Ba4 d6 5. h3 Nf6 6. d3 Be7 7. c3 Bd7 8. 0-0 0-0 9. Re1 b5 10. Bb3 Be6 11. Nbd2 Bxb3 12. Qxb3 Nd7 13. Nf1 Nc5 14. Qc2 Bf6 15. Be3 Ne6 16. Rad1 Ng5 17. Nxg5 Bxg5 18. Qc1 Bxe3 19. Nxe3 Ne7 20. d4 exd4 21. Rxd4 f5 22. exf5 Nxf5 23. Nxf5 Rxf5 24. Rf4 Qf6 25. Rxf5 Qxf5 26. Qe3 Rf8 27. Qe6+ Qxe6 28. Rxe6 Kf7 29. Re2 Re8 30. Kf1 Re5 31. g4 g5 32. Rxe5 dxe5 33. Ke2 Ke6 34. Ke3 Kd5 35. b3 c5 36. a3 a5 37. f3 a4 38. bxa4 bxa4 39. Kd3 c4+ 40. Ke2 e4 41. Ke3 exf3 42. Kxf3 Ke5 43. Ke3 h6 44. Kf3 1/2-1/2

[Event "BCF-ch U14"]
[Site "Bournemouth"]
[Date "2016.07.24"]
[Round "1"]
[White "Saravanan, Aadarsh"]
[Black "Bennet Stevens, Lucy"]
[Result "1/2-1/2"]
[WhiteElo "1605"]
[BlackElo "1381"]
[PlyCount "69"]
[EventDate "2016.07.24"]
[EventType "swiss"]
[EventRounds "7"]
[EventCountry "ENG"]
[SourceTitle "EXT 2017"]
[Source "ChessBase"]
[SourceDate "2016.10.25"]
[SourceVersion "1"]
[SourceVersionDate "2016.10.25"]
[SourceQuality "1"]

1. d4 d5 2. c4 e6 3. Nc3 Nf6 4. cxd5 exd5 5. Bg5 Be7 6. Nf3 0-0 7. e3 h6 8. Bh4 c6 9. h3 Bf5 10. Bd3 Ne4 11. Bxe7 Qxe7 12. 0-0 Nd7 13. Qc2 Ndf6 14. Ne5 Bh7 15. Nxe4 Bxe4 16. a3 Rac8 17. b4 Bxd3 18. Qxd3 Nd7 19. f4 Nxe5 20. fxe5 f6 21. exf6 Rxf6 22. Rxf6 Qxf6 23. Rf1 Qd6 24. Qf5 Rf8 25. Qg4 Qe7 26. Rxf8+ Qxf8 27. Qf4 g5 28. Qc7 Qe8 29. Kf2 Qf7+ 30. Qxf7+ Kxf7 31. Kf3 h5 32. e4 dxe4+ 33. Kxe4 Ke6 34. a4 a6 35. a5 1/2-1/2

[Event "Daventry Robinson Cup U14"]
[Site "Daventry"]
[Date "2016.07.18"]
[Round "2.1"]
[White "Bennet Stevens, Lucy"]
[Black "Lutchman Singh, Aishwarya"]
[Result "1-0"]
[WhiteElo "1381"]
[BlackElo "1443"]
[PlyCount "47"]
[EventDate "2016.07.18"]
[EventType "team-schev"]
[EventRounds "5"]
[EventCountry "ENG"]
[SourceTitle "EXT 2020"]
[Source "ChessBase"]
[SourceDate "2019.10.17"]
[SourceVersion "1"]
[SourceVersionDate "2019.10.17"]
[SourceQuality "1"]
[WhiteTeam "England"]
[BlackTeam "Wales"]
[WhiteTeamCountry "ENG"]
[BlackTeamCountry "WLS"]

1. e4 e5 2. Nf3 Nc6 3. Bb5 Bc5 4. 0-0 Nf6 5. d3 h6 6. c3 a6 7. Bxc6 dxc6 8. Nxe5 Qd6 9. Nc4 Qe6 10. Be3 Ba7 11. Bxa7 Rxa7 12. f3 0-0 13. Ne3 Rd8 14. Qe2 Nh5 15. Ng4 Nf4 16. Qe3 Ra8 17. Qxf4 Rxd3 18. Nf2 Rd6 19. Na3 Qg6 20. Rad1 Rf6 21. Qxc7 Rxf3 22. Rd8+ Kh7 23. Rxc8 Rxc8 24. Qxc8 1-0

[Event "Daventry Robinson Cup U14"]
[Site "Daventry"]
[Date "2016.07.18"]
[Round "3.3"]
[White "Gachenot, Alexandre"]
[Black "Bennet Stevens, Lucy"]
[Result "1-0"]
[WhiteElo "1448"]
[BlackElo "1381"]
[PlyCount "95"]
[EventDate "2016.07.18"]
[EventType "team-schev"]
[EventRounds "5"]
[EventCountry "ENG"]
[SourceTitle "EXT 2020"]
[Source "ChessBase"]
[SourceDate "2019.10.17"]
[SourceVersion "1"]
[SourceVersionDate "2019.10.17"]
[SourceQuality "1"]
[WhiteTeam "France"]
[BlackTeam "England"]
[WhiteTeamCountry "FRA"]
[BlackTeamCountry "ENG"]

1. e4 c5 2. Nf3 e6 3. d4 cxd4 4. Nxd4 a6 5. Bd3 Bc5 6. Nb3 Ba7 7. Nc3 Ne7 8. 0-0 0-0 9. Bf4 Nbc6 10. Qd2 d5 11. exd5 Nxd5 12. Nxd5 Qxd5 13. Rad1 Qd8 14. c3 Kh8 15. Qe2 Qf6 16. Qe4 Qf5 17. Qf3 Qf6 18. Qg3 Bb8 19. Bxb8 Rxb8 20. Be4 Qe5 21. Qh4 g6 22. Bxc6 bxc6 23. Qe7 Kg7 24. Rfe1 Qb5 25. Qc7 Qb6 26. Qe5+ Kg8 27. Qg5 f6 28. Qh4 Kg7 29. h3 e5 30. Qc4 Qb5 31. Qh4 Be6 32. Rd6 Bxb3 33. axb3 Qxb3 34. Rxc6 Qb7 35. Qc4 Rfc8 36. Rxc8 Rxc8 37. Qe6 Rc7 38. Re2 Qb5 39. Rd2 Rb7 40. Rd6 Kh6 41. Qxf6 Qxb2 42. Qxe5 Rb5 43. Qe3+ Kg7 44. Rxa6 Qb1+ 45. Kh2 Qf5 46. Ra7+ Kg8 47. Qe8+ Qf8 48. Qxb5 1-0

[Event "Crawley e2e4 Gatwick op U1850"]
[Site "Crawley"]
[Date "2016.05.27"]
[Round "1"]
[White "Tivillier, Jacques"]
[Black "Bennet Stevens, Lucy"]
[Result "1-0"]
[WhiteElo "1699"]
[BlackElo "1370"]
[PlyCount "129"]
[EventDate "2016.05.27"]
[EventType "swiss"]
[EventRounds "7"]
[EventCountry "ENG"]
[SourceTitle "EXT 2019"]
[Source "ChessBase"]
[SourceDate "2018.10.10"]
[SourceVersion "1"]
[SourceVersionDate "2018.10.10"]
[SourceQuality "1"]

1. e4 c5 2. Nf3 e6 3. d4 cxd4 4. Nxd4 a6 5. Nc3 Qc7 6. a3 Nf6 7. Be3 Bc5 8. Bd3 0-0 9. 0-0 d6 10. Re1 Nbd7 11. f4 b5 12. Qf3 Bb7 13. Qg3 Rfe8 14. Kh1 g6 15. Qg5 Nh5 16. f5 Qd8 17. Qg4 Ne5 18. Qh3 Nxd3 19. cxd3 Bxd4 20. Bxd4 exf5 21. exf5 Rxe1+ 22. Rxe1 Qg5 23. fxg6 Qxg6 24. Ne4 Bxe4 25. Rxe4 Nf6 26. Re7 Kf8 27. Qe3 Nd5 28. Qe4 Qxe4 29. Rxe4 a5 30. Kg1 b4 31. a4 Ra6 32. Rh4 Kg8 33. Rg4+ Kf8 34. g3 Rc6 35. Rg5 Nc7 36. Rxa5 Rc1+ 37. Kf2 Rc2+ 38. Kf3 Rxh2 39. Ra7 Rc2 40. Rb7 Ne6 41. Bf6 Rc8 42. Rxb4 Nc5 43. d4 Nd7 44. Bg5 f6 45. Bf4 Ke7 46. a5 Ra8 47. Rb5 Ra6 48. b4 Ra7 49. Rh5 Nf8 50. Ke4 Ke6 51. d5+ Ke7 52. Be3 Rb7 53. Bb6 Ke8 54. b5 Ng6 55. a6 Rb8 56. Rxh7 Nf8 57. Rb7 Rxb7 58. axb7 Nd7 59. Ba7 Kd8 60. b8Q+ Nxb8 61. Bxb8 Kd7 62. Kf5 Ke7 63. b6 Kd7 64. Kxf6 Kd8 65. g4 1-0

[Event "BCF-ch U13"]
[Site "Coventry"]
[Date "2015.08.01"]
[Round "7"]
[White "Bennet Stevens, Lucy"]
[Black "Remus Elliot, Tai"]
[Result "1/2-1/2"]
[WhiteElo "1592"]
[BlackElo "1009"]
[PlyCount "86"]
[EventDate "2015.07.27"]
[EventType "swiss"]
[EventRounds "7"]
[EventCountry "ENG"]
[SourceTitle "CBM 167 Extra"]
[Source "ChessBase"]
[SourceDate "2015.09.14"]
[SourceVersion "1"]
[SourceVersionDate "2015.09.14"]
[SourceQuality "1"]

1. e4 d5 2. exd5 Nf6 3. d4 Nxd5 4. c4 Nb6 5. Nc3 e6 6. a3 Be7 7. Nf3 0-0 8. Be2 c5 9. dxc5 Qxd1+ 10. Nxd1 Bxc5 11. b4 Be7 12. 0-0 Bf6 13. Bb2 Bxb2 14. Nxb2 Nc6 15. Rfd1 f6 16. Rd2 Rd8 17. Rad1 Rxd2 18. Rxd2 e5 19. c5 Nd7 20. Nc4 e4 21. Nd4 Nde5 22. Nd6 Nxd4 23. Rxd4 f5 24. Rd5 Ng6 25. Nxc8 Rxc8 26. Rxf5 b6 27. h3 Ne7 28. Bc4+ Kh8 29. Re5 Ng6 30. Rxe4 bxc5 31. bxc5 h6 32. Bf7 Kh7 33. Bxg6+ Kxg6 34. Re5 Rc7 35. f4 Kf6 36. g4 Rb7 37. Re3 Rb1+ 38. Kg2 Rc1 39. h4 Rxc5 40. g5+ hxg5 41. hxg5+ Kf5 42. Kg3 g6 43. a4 a5 1/2-1/2

[Event "BCF-ch U13"]
[Site "Coventry"]
[Date "2015.07.31"]
[Round "6"]
[White "Bennet Stevens, Lucy"]
[Black "Smith, Rachel Lorna"]
[Result "0-1"]
[WhiteElo "1592"]
[BlackElo "1510"]
[PlyCount "102"]
[EventDate "2015.07.27"]
[EventType "swiss"]
[EventRounds "7"]
[EventCountry "ENG"]
[SourceTitle "CBM 167 Extra"]
[Source "ChessBase"]
[SourceDate "2015.09.14"]
[SourceVersion "1"]
[SourceVersionDate "2015.09.14"]
[SourceQuality "1"]

1. e4 c6 2. c4 d5 3. exd5 cxd5 4. cxd5 Qxd5 5. Nc3 Qd8 6. Bc4 Nf6 7. Nge2 e6 8. d4 Nc6 9. Bf4 Be7 10. 0-0 0-0 11. a3 b6 12. d5 exd5 13. Nxd5 Nxd5 14. Qxd5 Qxd5 15. Bxd5 Bb7 16. Nc3 Bf6 17. Rac1 Rad8 18. Rfd1 Rfe8 19. Be3 Rd7 20. Bf3 Red8 21. Rxd7 Rxd7 22. h3 Nd4 23. Bxb7 Rxb7 24. Rd1 Nf5 25. Ne4 Be7 26. Bf4 f6 27. Rd5 g6 28. Ng3 Nxg3 29. Bxg3 Kf7 30. Kf1 Ke6 31. Rd3 Rd7 32. Rxd7 Kxd7 33. Ke2 Bd6 34. Bxd6 Kxd6 35. Kd3 Kd5 36. b4 b5 37. f3 h6 38. g3 g5 39. Kc3 f5 40. Kd3 h5 41. g4 hxg4 42. hxg4 fxg4 43. fxg4 a6 44. Ke3 Ke5 45. Kf3 Kd4 46. Kg3 Ke3 47. Kh3 Kf3 48. Kh2 Kxg4 49. Kg2 Kf4 50. Kg1 Kg3 51. Kf1 Kh2 0-1

[Event "BCF-ch U13"]
[Site "Coventry"]
[Date "2015.07.29"]
[Round "4"]
[White "Bennet Stevens, Lucy"]
[Black "Davies, Alexander"]
[Result "0-1"]
[WhiteElo "1592"]
[BlackElo "1464"]
[PlyCount "140"]
[EventDate "2015.07.27"]
[EventType "swiss"]
[EventRounds "7"]
[EventCountry "ENG"]
[SourceTitle "CBM 167 Extra"]
[Source "ChessBase"]
[SourceDate "2015.09.14"]
[SourceVersion "1"]
[SourceVersionDate "2015.09.14"]
[SourceQuality "1"]

1. e4 c6 2. c4 g6 3. Nc3 Bg7 4. Qc2 e6 5. Nf3 Ne7 6. Be2 0-0 7. 0-0 d5 8. exd5 exd5 9. cxd5 Nxd5 10. Nxd5 Qxd5 11. Bc4 Qd6 12. Re1 Nd7 13. a3 Nb6 14. Ba2 Bf5 15. Qd1 Rae8 16. Rxe8 Rxe8 17. Bb1 Bxb1 18. Rxb1 Nd7 19. b4 Ne5 20. Nxe5 Qxe5 21. Bb2 Qd5 22. Bc3 Rd8 23. Qc2 Qd3 24. Qxd3 Rxd3 25. Rc1 Bxc3 26. dxc3 Rd2 27. a4 b6 28. Kf1 Ra2 29. Ke1 Rxa4 30. Kd2 a5 31. Ke3 Kg7 32. g3 g5 33. f3 Ra2 34. bxa5 Rxa5 35. Rc2 Ra7 36. Kd4 Rd7+ 37. Ke5 Rd5+ 38. Ke4 Kg6 39. c4 f5+ 40. Ke3 Re5+ 41. Kd4 Kf6 42. Rb2 b5 43. cxb5 Rxb5 44. Rc2 Rd5+ 45. Ke3 c5 46. f4 g4 47. Rc4 Ke6 48. Ke2 Kd6 49. Ke3 Rd1 50. Rc2 Kd5 51. Ke2 Rd4 52. Ke3 c4 53. Ke2 Rd3 54. Rc1 Kd4 55. Rc2 c3 56. Ke1 Kc4 57. Ke2 Rf3 58. Rc1 Kb3 59. Rxc3+ Rxc3 60. Kf1 Kc4 61. Ke2 Kd4 62. Kd2 Rf3 63. Ke2 h5 64. Ke1 h4 65. gxh4 Rh3 66. h5 Rxh2 67. h6 Ke3 68. Kd1 Rxh6 69. Kc2 Rd6 70. Kc3 g3 0-1

[Event "BCF-ch U13"]
[Site "Coventry"]
[Date "2015.07.27"]
[Round "1"]
[White "Manocha, Shobhin"]
[Black "Bennet Stevens, Lucy"]
[Result "0-1"]
[WhiteElo "1151"]
[BlackElo "1592"]
[PlyCount "108"]
[EventDate "2015.07.27"]
[EventType "swiss"]
[EventRounds "7"]
[EventCountry "ENG"]
[SourceTitle "CBM 167 Extra"]
[Source "ChessBase"]
[SourceDate "2015.09.14"]
[SourceVersion "1"]
[SourceVersionDate "2015.09.14"]
[SourceQuality "1"]

1. e4 c5 2. Nf3 e6 3. d4 cxd4 4. Nxd4 a6 5. Nc3 Qc7 6. Be3 Nf6 7. g3 Bb4 8. Qd3 Nxe4 9. Nde2 Nxc3 10. Nxc3 Nc6 11. Bg2 d5 12. 0-0 0-0 13. a3 Be7 14. Bf4 Qb6 15. Rfe1 Bc5 16. Rf1 Qd8 17. Rad1 b5 18. b4 Bb6 19. Rfe1 Bb7 20. Be3 Bxe3 21. Rxe3 Qc7 22. Ree1 Rac8 23. Ne2 Ne5 24. Qe3 Nc4 25. Qc3 Nb6 26. Qxc7 Rxc7 27. Rc1 Rfc8 28. c3 Na4 29. h4 Nxc3 30. Nf4 Na2 31. Ra1 Rc1 32. Nd3 Rxe1+ 33. Rxe1 Rc3 34. Bf1 Rc7 35. Nc5 Nc3 36. Re3 Ne4 37. Nxb7 Rxb7 38. Bg2 Nd6 39. Rc3 Nc4 40. Bf1 g6 41. Rc1 Ra7 42. Rd1 Nxa3 43. Rd4 Nc2 44. Rd2 Nxb4 45. Rb2 Nc6 46. Rc2 Ne7 47. g4 Kf8 48. Rc5 Ke8 49. Rc2 Kd7 50. Ra2 Nc6 51. Rc2 b4 52. Ra2 b3 53. Rb2 Nd4 54. Rd2 Nf3+ 0-1